=LDR 00000nam 2200000 4500 =001 INLIS000000000039837 =005 20141108103700.0 =006 =007 =008 Ind =035 ##$$a 0010-061300000039837 =041 ##$$a Ind =082 ##$$a 813 =090 ##$$a 813, Dec s =100 ##$$a Decandido,keith =245 ##$$a Supernatural Bone Key, Dendam Calusa Terakhir, Keith R.A.Decandido =260 ##$$a 2011 $b Jakarta =300 ##$$a 344 hl,., 20 cm =650 ##$$a Fiksi Indonesia =850 ##$$a NBPNMAT =990 ##$$a 21196506/BPAP-NTB/2014 =990 ##$$a 21400613/BPAP-NTB/20142014